| 000 | 00983nam a2200289 i 4500 | ||
|---|---|---|---|
| 001 | 12443 | ||
| 003 | ES-MaACL | ||
| 005 | 20250901102218.0 | ||
| 007 | t| | ||
| 008 | 901114s1988 sp ||||0| spa j ..| | ||
| 015 | _a1990-SEP-16186 | ||
| 016 | 7 | _zSAB9000095680 | |
| 020 | _a84-451-0054-8 | ||
| 040 |
_aM-BN-DP _bspa _cM-BN-DP |
||
| 080 | _a339.37(464.1)(083.41) | ||
| 245 | 0 | 3 |
_aEl Comercio minorista de la Comunidad de Madrid _b: resultados de la encuesta de 1986. |
| 260 |
_aMadrid : _bConsejería de Economía, _cD.L. 1988. |
||
| 300 |
_a108 p : _bgráf ; _c31 cm. |
||
| 490 | 1 | _aDocumentación y estadísticas | |
| 650 | 1 | 7 |
_aComercio al por menor _2embne _911164 |
| 710 | 1 |
_aMadrid (Comunidad Autónoma). _bConsejería de Economía. _95597 |
|
| 830 | 0 |
_aDocumentación y estadísticas _9179310 |
|
| 852 |
_aES-MaACL _jL-19675 _bR.123649 |
||
| 942 |
_2udc _cMONOGRAFIA _n0 |
||
| 999 |
_c12443 _d12443 |
||